American government: the clash of issues

保存先:
書誌詳細
主要な著者: Burkhart, James A (著者), Krislov, Samuel (著者), Lee, Raymond L (著者)
フォーマット: 図書
言語:英語
出版事項: Englewood Cliffs Prentice-Hall 1968
版:3a. ed
主題:
タグ: タグ追加
タグなし, このレコードへの初めてのタグを付けませんか!

MARC

LEADER 00000nam a2200000 a 4500
001 UCT7784
003 CL-VaPUC
008 970317e19680000us |||||||||||||||||eng|d
082 0 4 |a 320.473  |b BUR  |2 21 
100 0 |a Burkhart, James A  |e author  |9 378918 
700 0 |a Krislov, Samuel  |e author  |9 378919 
700 0 |a Lee, Raymond L  |e author  |9 378920 
245 1 0 |a American government: the clash of issues 
250 |a 3a. ed 
300 |a 457 p 
942 |c BK 
945 |d 19970317 00:00:00  |a paguirre 
260 |a Englewood Cliffs  |b Prentice-Hall  |c 1968 
650 7 |a SISTEMAS POLITICOS  |2 CL-VaPUC  |9 378921 
650 0 |a Democracia  |9 255256 
650 7 |a PARTICIPACION POLITICA  |2 CL-VaPUC  |9 378922 
650 0 |a Derechos civiles y políticos   |9 338684 
650 0 |a Racismo  |9 255805 
650 0 |a Opinión pública  |9 255512 
650 7 |a FILOSOFIA POLITICA  |2 CL-VaPUC  |9 378923 
650 0 |a Elecciones  |9 254997 
650 0 |a Poder político  |9 255509 
650 0 |a Poder ejecutivo  |9 255177 
650 0 |a Poder legislativo  |9 258808 
650 0 |a Poder judicial  |9 254871 
650 0 |a Política internacional  |9 255813 
651 0 |a Estados Unidos  |9 255178 
583 |a last modification  |c 20150428 02:26:23  |k Rodrigo Vera 
999 |c 256331  |d 256329 
952 |0 0  |1 0  |4 0  |6 320_473000000000000_BUR_1968  |7 0  |8 P  |9 279012  |a BIBDER  |b BIBDER  |d 2019-11-19  |i 1807714  |o 320.473 BUR 1968  |p 1807714  |r 2023-01-25  |w 2019-11-19  |y BK  |k DER